[Event "Lviv Rapid Cup 2017"]
[Site "Lviv UKR"]
[Date "2017.05.08"]
[Round "3.8"]
[White "Vovk,Or"]
[Black "Kuzubov,Y"]
[Result "0-1"]
[WhiteElo "2279"]
[BlackElo "2637"]

1.h3 d5 2.g4 e5 3.Bg2 c6 4.d4 e4 5.c4 f5 6.Nc3 Bb4 7.Qb3 Bxc3+ 8.bxc3 Nf6
9.Ba3 Be6 10.Qxb7 Nbd7 11.Qxc6 Kf7 12.gxf5 Bxf5 13.cxd5 Rc8 14.Qd6 Rxc3 15.e3
Nb6 16.Ne2 Rc2 17.Ng3 Qxd6 18.Bxd6 g6 19.O-O Nbxd5 20.Rfb1 Ke6 21.Bc5 h5
22.Rb7 h4 23.Nf1 g5 24.Rxa7 g4 25.hxg4 Nxg4 26.Rb1 Nc3 27.Ra6+ Kd5 28.Rb4 Ne2+
29.Kh1 Nxf2+ 30.Kh2 Ng4+ 31.Kh1 Rxc5 32.dxc5 h3 33.Bxe4+ {#R} 0-1

[Event "Lviv Rapid Cup 2017"]
[Site "Lviv UKR"]
[Date "2017.05.08"]
[Round "3.9"]
[White "Babiy,Igor"]
[Black "Sivuk,V"]
[Result "0-1"]
[WhiteElo "2264"]
[BlackElo "2520"]

1.c4 Nf6 2.Nf3 g6 3.Nc3 d5 4.cxd5 Nxd5 5.g3 Bg7 6.Bg2 O-O 7.O-O Nc6 8.a3 Re8
9.Qc2 Nb6 10.d3 h6 11.Rb1 e5 12.b4 Be6 13.Ne4 Bd5 14.Nc5 Bxf3 15.exf3 Nd4
16.Qa2 Rb8 17.f4 exf4 18.Bxb7 f3 19.Be3 Ne2+ 20.Kh1 Nc3 21.Qc2 Nxb1 22.Rxb1
Nd5 23.Bxd5 Qxd5 24.Qb3 Qf5 25.Ne4 a5 26.b5 a4 27.Qxa4 Re5 28.b6 cxb6 29.Qd1
Ra5 30.a4 Rba8 31.Nd2 Rxa4 32.Nxf3 Ra1 33.Kg2 b5 34.Rxa1 Rxa1 35.Qb3 Ra8 36.h3
Rd8 37.d4 Qd5 38.Qxd5 Rxd5 39.Kf1 Rd8 40.Ke2 Kf8 41.Kd3 Rc8 42.Nd2 Ke7 43.Ne4
Ke6 44.Nc3 b4 45.Ne4 Kd5 46.Nc5 Bxd4 {#R} 0-1

[Event "Lviv Rapid Cup 2017"]
[Site "Lviv UKR"]
[Date "2017.05.08"]
[Round "3.11"]
[White "Moliboga,V"]
[Black "Sergeev,Vl"]
[Result "0-1"]
[WhiteElo "2310"]
[BlackElo "2444"]

1.e4 Nf6 2.Nc3 d5 3.exd5 Nxd5 4.Bc4 Nxc3 5.Qf3 e6 6.dxc3 Bd6 7.Ne2 Nd7 8.Qh5
O-O 9.Bg5 Qe8 10.O-O-O Nb6 11.Bd3 f5 12.Qh4 e5 13.f3 Be6 14.g4 Qa4 15.gxf5
Qxh4 16.Bxh4 Bxf5 17.Be4 Bxe4 18.fxe4 Nc4 19.b3 Ne3 20.Rd3 Ng2 21.Bg3 Rf7
22.Rd5 Re8 23.Kd2 Nf4 24.Bxf4 exf4 25.Kd3 f3 26.Nd4 g6 27.c4 f2 28.c5 Bxh2
29.Rf1 h6 30.c6 b6 31.Rd7 Bg3 32.Ne2 Bh4 33.Nf4 Rxf4 34.Rxc7 Rfxe4 35.Rd7 Re1
{#R} 0-1

[Event "Lviv Rapid Cup 2017"]
[Site "Lviv UKR"]
[Date "2017.05.08"]
[Round "4.1"]
[White "Onischuk,V"]
[Black "Sumets,A"]
[Result "1-0"]
[WhiteElo "2608"]
[BlackElo "2566"]

1.e4 e6 2.d4 d5 3.Bd3 dxe4 4.Bxe4 Nf6 5.Bf3 Nbd7 6.Nc3 Bd6 7.Nb5 O-O 8.Ne2
Bb4+ 9.c3 Ba5 10.O-O c6 11.Nd6 Bc7 12.Nxc8 Rxc8 13.g3 e5 14.Bg2 Re8 15.a4 a6
16.Qb3 Rb8 17.Qc2 Qe7 18.dxe5 Nxe5 19.Nd4 Nd5 20.Bd2 Nc4 21.Rae1 Qf6 22.Bc1
Bb6 23.Nf3 h6 24.Qb3 Na5 25.Qa2 Bc7 26.Nd4 Bb6 27.Bd2 Bxd4 28.cxd4 b6 29.b4
Nb7 30.b5 axb5 31.axb5 Ne7 32.Bf4 Rbc8 33.Qa7 Nd6 34.bxc6 Nxc6 35.Qxb6 Rxe1
36.Rxe1 Nf5 37.Qb7 Nfe7 38.d5 Qc3 39.Rf1 {#r} 1-0

[Event "Lviv Rapid Cup 2017"]
[Site "Lviv UKR"]
[Date "2017.05.08"]
[Round "4.4"]
[White "Kravtsiv,M"]
[Black "Razin,V"]
[Result "1-0"]
[WhiteElo "2653"]
[BlackElo "2354"]

1.e4 e6 2.d4 d5 3.Nc3 Nf6 4.e5 Nfd7 5.f4 c5 6.Nf3 Nc6 7.Be3 Be7 8.Qd2 O-O
9.dxc5 Nxc5 10.O-O-O a6 11.h4 Qa5 12.Kb1 b5 13.Bxc5 Bxc5 14.Bd3 h6 15.g4 Bb4
16.g5 h5 17.g6 d4 18.Nxd4 Nxd4 19.Be4 Ra7 20.Qxd4 Rd7 21.Qe3 Bxc3 22.bxc3 Rc7
23.gxf7+ Rcxf7 24.f5 b4 25.cxb4 Qxb4+ 26.Kc1 Bb7 27.fxe6 Re7 28.Rd4 Qb6
29.Rhd1 Bxe4 30.Rxe4 Qa5 31.Qb3 Rfe8 32.Rd6 Qc5 33.Qb4 Qg1+ 34.Kb2 Qg6 35.Rxa6
Rxe6 36.Rxe6 Rxe6 37.Qc4 Kh7 38.Qd3 Rb6+ 39.Kc1 Kh8 40.Qd8+ Kh7 41.Qd3 Kh8
42.Re1 Qh6+ 43.Qe3 Qe6 44.Qg5 Qxa2 45.Qd8+ Kh7 46.Qxb6 {#r} 1-0

[Event "Lviv Rapid Cup 2017"]
[Site "Lviv UKR"]
[Date "2017.05.08"]
[Round "4.5"]
[White "Kuzubov,Y"]
[Black "Golichenko,I"]
[Result "1-0"]
[WhiteElo "2637"]
[BlackElo "2413"]

1.d4 Nf6 2.c4 e6 3.Nf3 d5 4.Nc3 c6 5.e3 Nbd7 6.b3 Bd6 7.Bb2 O-O 8.Be2 b6 9.Rc1
Bb7 10.O-O Ne4 11.Qc2 f5 12.Ne1 e5 13.dxe5 Nxe5 14.Nd3 Nxd3 15.Bxd3 Qh4 16.f4
Bc5 17.Rce1 Rae8 18.Bxe4 fxe4 19.Na4 Bb4 20.Rd1 b5 21.a3 bxa4 22.axb4 axb3
23.Qxb3 Qe7 24.Bd4 Rf7 25.cxd5 cxd5 26.b5 a6 27.b6 Bc6 28.Rc1 Qb7 29.Rc5 Bb5
30.Rfc1 Bc4 31.Qb2 Rc8 32.Qb4 Rxc5 33.Qxc5 Rf8 34.Be5 Rc8 35.Bc7 Re8 36.h3 h6
37.f5 Rf8 38.Qd6 Rxf5 39.Qe6+ Rf7 40.Rc2 Kf8 41.Rf2 Rf6 42.Bd6+ {#r} 1-0

[Event "Lviv Rapid Cup 2017"]
[Site "Lviv UKR"]
[Date "2017.05.08"]
[Round "4.6"]
[White "Sivuk,V"]
[Black "Matviishen,Viktor"]
[Result "1-0"]
[WhiteElo "2520"]
[BlackElo "2398"]

1.d4 Nf6 2.c4 e6 3.g3 Bb4+ 4.Bd2 c5 5.Bxb4 cxb4 6.Bg2 O-O 7.e4 d6 8.Ne2 Qe7
9.Qb3 a5 10.a3 bxa3 11.Rxa3 e5 12.Nbc3 Nc6 13.d5 Nd4 14.Qd1 Bg4 15.Qd3 Nxe2
16.Nxe2 Nd7 17.Nc3 Nc5 18.Qe3 f5 19.exf5 Bxf5 20.O-O Bd3 21.Rfa1 Bxc4 22.Rxa5
Rxa5 23.Rxa5 Qc7 24.Ra3 Qb6 25.Na4 Nxa4 26.Rxa4 Qxe3 27.fxe3 Ba6 28.Bh3 g6
29.Ra3 Kg7 30.Rc3 h5 31.e4 Kh6 32.Rb3 Rf7 33.Rb6 Bd3 34.Bg2 Rc7 35.Rxd6 Rc1+
36.Kf2 Rc2+ 37.Ke3 Rxg2 38.Kxd3 Rxh2 39.Re6 Kg7 40.d6 Rh1 41.Kd2 Rh2+ 42.Ke3
Rh1 43.Rxe5 Kf6 44.Re7 Re1+ 45.Kd2 Ra1 46.e5+ Kf5 47.d7 {#r} 1-0

[Event "Lviv Rapid Cup 2017"]
[Site "Lviv UKR"]
[Date "2017.05.08"]
[Round "4.7"]
[White "Golubev,M"]
[Black "Vovk,Y"]
[Result "0-1"]
[WhiteElo "2476"]
[BlackElo "2600"]

1.e4 c5 2.Nf3 d6 3.d4 cxd4 4.Nxd4 Nf6 5.Nc3 a6 6.Bc4 e6 7.O-O b5 8.Bb3 Be7
9.Qf3 Qb6 10.Be3 Qb7 11.Qg3 b4 12.Na4 Nbd7 13.f3 O-O 14.Rfd1 a5 15.c4 bxc3
16.bxc3 Nc5 17.Nxc5 dxc5 18.Ne2 a4 19.Bc4 Qc6 20.e5 Nh5 21.Qg4 Ba6 22.Bxa6
Qxa6 23.Kf2 g6 24.Bg5 f5 25.exf6 Bxf6 26.Rd7 Bxg5 27.Qxg5 Nf6 28.Nf4 Nxd7
29.Nxg6 Rf7 {#R} 0-1

[Event "Lviv Rapid Cup 2017"]
[Site "Lviv UKR"]
[Date "2017.05.08"]
[Round "4.12"]
[White "Okhotnik,V"]
[Black "Oleksiyenko,Mykhaylo"]
[Result "0-1"]
[WhiteElo "2389"]
[BlackElo "2636"]

1.e4 c5 2.Nf3 e6 3.c4 Nc6 4.Nc3 Nd4 5.Bd3 d6 6.O-O Ne7 7.b4 Nec6 8.b5 Nxf3+
9.Qxf3 Nd4 10.Qg3 g6 11.e5 dxe5 12.Qxe5 f6 13.Qe3 Bg7 14.Ne2 f5 15.Rb1 O-O
16.Ba3 b6 17.Nxd4 Bxd4 18.Qe2 e5 19.Bc2 Bb7 20.Rb3 Qf6 21.Bc1 Rad8 22.Ra3 Rd7
23.d3 f4 24.Qg4 Re7 25.Kh1 f3 26.g3 h5 27.Qg5 Qe6 28.Qh4 Bc8 29.Be3 Bxe3
30.fxe3 f2 31.Kg2 Qf5 32.Bd1 g5 33.g4 Bb7+ 34.e4 Bxe4+ 35.dxe4 Qxe4+ 36.Bf3
Rxf3 37.Qxg5+ Rg7 {#R} 0-1

[Event "Lviv Rapid Cup 2017"]
[Site "Lviv UKR"]
[Date "2017.05.08"]
[Round "5.3"]
[White "Bogdanovich,S"]
[Black "Sivuk,V"]
[Result "1-0"]
[WhiteElo "2596"]
[BlackElo "2520"]

1.c4 Nf6 2.Nc3 e6 3.e4 d5 4.e5 d4 5.exf6 dxc3 6.bxc3 Qxf6 7.d4 c5 8.Nf3 cxd4
9.cxd4 Bb4+ 10.Bd2 Bxd2+ 11.Qxd2 O-O 12.Bd3 Nc6 13.Be4 Bd7 14.O-O Rac8 15.Rfd1
Rfd8 16.Rac1 Be8 17.Qe3 b6 18.h3 h6 19.Rd3 Na5 20.Ne5 Bc6 21.d5 Bb7 22.Ng4 Qg5
23.f4 Qe7 24.Ne5 exd5 25.Bxd5 Bxd5 26.cxd5 Rxc1+ 27.Qxc1 Qd6 28.Qc3 f6 29.Ng6
Nb7 30.Kh1 Kh7 31.Qc2 Nc5 32.Re3 Kg8 33.Ne7+ Kh8 34.Qg6 Qxf4 35.Rg3 Qc1+
36.Kh2 {#r} 1-0

[Event "Lviv Rapid Cup 2017"]
[Site "Lviv UKR"]
[Date "2017.05.08"]
[Round "5.4"]
[White "Oleksiyenko,Mykhaylo"]
[Black "Bernadskiy,V"]
[Result "0-1"]
[WhiteElo "2636"]
[BlackElo "2529"]

1.e4 Nf6 2.e5 Ng8 3.d4 d6 4.Nf3 c6 5.exd6 exd6 6.Bd3 Nf6 7.O-O Be7 8.h3 Nbd7
9.c4 Nf8 10.Re1 Ng6 11.Qe2 d5 12.b3 Nf8 13.Nc3 Ne6 14.cxd5 Nxd5 15.Nxd5 cxd5
16.Bb5+ Kf8 17.Be3 Bf6 18.Ne5 g6 19.Bh6+ Kg8 20.Rad1 Bg7 21.Qf3 f6 22.Bxg7
Kxg7 23.Ng4 a6 24.Bf1 Ng5 25.Qf4 Bxg4 26.hxg4 Qd7 27.g3 h5 28.gxh5 Rxh5 29.Rc1
Rah8 30.Bg2 Rh1+ 31.Bxh1 Nh3+ {#R} 0-1

[Event "Lviv Rapid Cup 2017"]
[Site "Lviv UKR"]
[Date "2017.05.08"]
[Round "5.6"]
[White "Solovchuk,A"]
[Black "Sergeev,Vl"]
[Result "1-0"]
[WhiteElo "2375"]
[BlackElo "2444"]

1.c4 c6 2.Nf3 d5 3.e3 Nf6 4.b3 Bg4 5.Qc2 e6 6.Bb2 Nbd7 7.Be2 Bd6 8.Nc3 Rc8
9.d3 Bh5 10.Rd1 O-O 11.h3 e5 12.O-O Qe7 13.Nh4 Qe6 14.Bxh5 Nxh5 15.g4 Nhf6
16.e4 dxe4 17.dxe4 Rfd8 18.Qe2 Nf8 19.Nf5 Ng6 20.Qf3 Bc7 21.Bc1 Ba5 22.Ne2
Rxd1 23.Rxd1 Rd8 24.Rxd8+ Bxd8 25.Be3 Bb6 26.Bg5 Nd7 27.h4 f6 28.Bc1 Ngf8
29.h5 a5 30.Neg3 g6 31.hxg6 hxg6 32.Nh6+ Kh7 33.g5 Bd8 34.Qh1 fxg5 35.Nf7+ Kg7
36.Nxd8 Qg4 37.Nxb7 a4 38.Kg2 axb3 39.axb3 c5 40.Qh3 Qd1 41.Bxg5 Kf7 42.Qh6
Qxb3 43.Nd8+ Ke8 44.Qg7 Qxc4 45.Qe7# 1-0

[Event "Lviv Rapid Cup 2017"]
[Site "Lviv UKR"]
[Date "2017.05.08"]
[Round "5.7"]
[White "Oros,R"]
[Black "Zubov,A UKR"]
[Result "0-1"]
[WhiteElo "2302"]
[BlackElo "2604"]

1.e4 Nc6 2.d4 e5 3.Nf3 exd4 4.Bc4 Bc5 5.c3 Nf6 6.cxd4 Bb4+ 7.Nc3 Nxe4 8.O-O
Bxc3 9.d5 Bf6 10.Re1 Ne7 11.Rxe4 d6 12.Bg5 Bxg5 13.Nxg5 h6 14.Qe2 hxg5 15.Re1
Be6 16.dxe6 f6 17.Re3 c6 18.Rh3 Rxh3 19.gxh3 g6 20.Bd3 Qa5 21.b4 Qe5 22.Qd2
Qf4 23.Qc2 O-O-O 24.b5 c5 25.Kg2 g4 26.Re3 Rh8 27.Rg3 gxh3+ 28.Kf1 g5 29.Be4
Kb8 30.b6 axb6 31.Rb3 d5 32.Rxb6 Qc7 33.Rb5 dxe4 34.Rxc5 Qd6 35.Rc4 Qd3+ {#R}
0-1

[Event "Lviv Rapid Cup 2017"]
[Site "Lviv UKR"]
[Date "2017.05.08"]
[Round "5.10"]
[White "Bortnik,N"]
[Black "Bunyatov,Rustam"]
[Result "1-0"]
[WhiteElo "2417"]
[BlackElo "2213"]

1.e4 e5 2.Nf3 Nc6 3.Bb5 g6 4.O-O Bg7 5.c3 d6 6.Bxc6+ bxc6 7.d4 exd4 8.cxd4 Ne7
9.Nc3 O-O 10.h3 h6 11.Re1 Kh7 12.b3 c5 13.Bb2 cxd4 14.Nxd4 f5 15.Qd2 d5
16.exd5 c6 17.Ba3 Nxd5 18.Bxf8 Qxf8 19.Nxd5 cxd5 20.Rac1 Qf6 21.Rc7 {#r} 1-0

[Event "Lviv Rapid Cup 2017"]
[Site "Lviv UKR"]
[Date "2017.05.08"]
[Round "5.11"]
[White "Sumets,A"]
[Black "Borsos,B"]
[Result "1-0"]
[WhiteElo "2566"]
[BlackElo "2321"]

1.d4 d5 2.c4 e6 3.Nf3 c5 4.cxd5 exd5 5.g3 Nc6 6.Bg2 Nf6 7.O-O Be7 8.dxc5 Bxc5
9.a3 O-O 10.b4 Be7 11.Bb2 Ne4 12.Nc3 Bf6 13.Rc1 Be6 14.Na4 Bxb2 15.Nxb2 Qf6
16.Nd3 Rfd8 17.Nc5 Nxc5 18.Rxc5 Rd7 19.Qd2 h6 20.Rfc1 Rad8 21.b5 Na5 22.Qxa5
b6 23.Qc3 bxc5 24.Qxf6 gxf6 25.Rxc5 d4 26.Ne1 Bd5 27.a4 Kf8 28.Nd3 Bxg2
29.Kxg2 Rd5 30.Rc6 Re8 31.Rxf6 Rxe2 32.Nf4 d3 33.Nxd5 d2 34.Nc3 Ke7 35.Rf3
{#r} 1-0

[Event "Lviv Rapid Cup 2017"]
[Site "Lviv UKR"]
[Date "2017.05.08"]
[Round "5.12"]
[White "Bakhmatsky,Vladislav"]
[Black "Golubev,M"]
[Result "0-1"]
[WhiteElo "2454"]
[BlackElo "2476"]

1.e4 c5 2.Nf3 d6 3.d4 cxd4 4.Nxd4 Nf6 5.Nc3 g6 6.Be3 Bg7 7.f3 O-O 8.Qd2 Nc6
9.O-O-O d5 10.Qe1 e5 11.Nxc6 bxc6 12.exd5 Nxd5 13.Bc4 Be6 14.Kb1 Rb8 15.Ne4
Qc7 16.Bc5 Rfd8 17.g4 h6 18.Bb3 a5 19.h4 a4 20.Bxa4 f5 21.Nf2 Rxb2+ 22.Kxb2
e4+ 23.Rd4 Rb8+ 24.Kc1 Bxd4 25.Bxd4 Qf4+ 26.Qd2 e3 27.Bxe3 Qxa4 28.Qd4 Nb4
29.Qc5 Rb5 {#R} 0-1

[Event "Lviv Rapid Cup 2017"]
[Site "Lviv UKR"]
[Date "2017.05.08"]
[Round "6.2"]
[White "Bernadskiy,V"]
[Black "Kuzubov,Y"]
[Result "0-1"]
[WhiteElo "2529"]
[BlackElo "2637"]

1.b4 e5 2.a3 d5 3.Bb2 Bd6 4.e3 Nf6 5.Nf3 Nbd7 6.c4 c6 7.d4 e4 8.Nfd2 Nf8 9.h3
Ng6 10.Nc3 O-O 11.g3 Re8 12.c5 Bc7 13.b5 h5 14.a4 h4 15.g4 Nh7 16.Nb3 Ng5
17.Be2 f5 18.gxf5 Bxf5 19.Kd2 Rf8 20.Qg1 Qf6 21.Qg2 Bd8 22.Rag1 Qe6 23.Nd1 Kh7
24.Kc1 Nxh3 25.Rf1 Ngf4 26.exf4 Nxf4 27.Qh2 Nxe2+ 28.Kd2 Bg4 29.Re1 Nf4 30.Nc1
Bf3 31.Ne3 Bxh1 32.Rxh1 Bg5 33.Rg1 Nh3 34.Rg2 Bf4 35.Qh1 Bxe3+ 36.fxe3 Rf3
37.Ne2 Qh6 38.Bc3 Qxe3+ 39.Kc2 Raf8 40.Kb3 Qd3 41.Rg4 Qc4+ {#R} 0-1

[Event "Lviv Rapid Cup 2017"]
[Site "Lviv UKR"]
[Date "2017.05.08"]
[Round "6.5"]
[White "Zubov,A UKR"]
[Black "Budnikov,O"]
[Result "1-0"]
[WhiteElo "2604"]
[BlackElo "2415"]

1.d4 e6 2.c4 d5 3.Nf3 Nf6 4.e3 c5 5.cxd5 exd5 6.Bb5+ Nc6 7.O-O cxd4 8.exd4 Bd6
9.Nc3 O-O 10.Bg5 Be6 11.Bxc6 bxc6 12.Rc1 Qb8 13.Bxf6 gxf6 14.Na4 Qb5 15.b3 Kh8
16.Nh4 Rg8 17.Qf3 Be7 18.Nf5 Bf8 19.Nc5 Rg5 20.Ng3 Rg6 21.h3 Bh6 22.Rce1 Re8
23.Nf5 Bf8 24.Nh4 Rh6 25.Qf4 Qb4 26.Re3 Qb8 27.Nxe6 fxe6 28.Qxb8 Rxb8 29.Nf3
Re8 30.Rfe1 e5 31.dxe5 fxe5 32.Nxe5 Kg8 33.Ng4 Rxe3 34.Nxh6+ Bxh6 35.fxe3 {#r}
1-0

[Event "Lviv Rapid Cup 2017"]
[Site "Lviv UKR"]
[Date "2017.05.08"]
[Round "6.8"]
[White "Mischuk,D"]
[Black "Sumets,A"]
[Result "0-1"]
[WhiteElo "2344"]
[BlackElo "2566"]

1.d4 Nf6 2.c4 e6 3.Nc3 Bb4 4.e3 c5 5.Ne2 cxd4 6.exd4 O-O 7.a3 Be7 8.Nf4 d6
9.Be2 e5 10.Nfd5 Nxd5 11.Nxd5 Nc6 12.Be3 Bg5 13.dxe5 Bxe3 14.Nxe3 dxe5 15.O-O
Be6 16.Bf3 Nd4 17.b4 Qd7 18.Re1 Rac8 19.Rc1 b5 20.Bd5 bxc4 21.Bxc4 Bxc4
22.Nxc4 f6 23.Ne3 Rxc1 24.Qxc1 Rc8 25.Qb2 Qc6 26.h3 Qc3 27.Qa2+ Kf8 28.Rb1 Qd3
29.a4 Ne2+ 30.Kh2 Nc3 31.Qe6 Re8 32.Qb3 Qxb1 33.Qxc3 Qe4 34.Qc5+ Kg8 35.g4 Qd4
36.Qc6 Rb8 37.Qc7 Rf8 38.Nf5 Qxf2+ 39.Kh1 Qe1+ 40.Kg2 Qd2+ 41.Kg3 Qg5 42.b5 h5
43.a5 Rf7 44.Qc8+ Kh7 45.Qc2 g6 46.Nd6 Rd7 47.Qc5 Qf4+ 48.Kg2 Qd2+ {#R} 0-1

[Event "Lviv Rapid Cup 2017"]
[Site "Lviv UKR"]
[Date "2017.05.08"]
[Round "6.9"]
[White "Golubev,M"]
[Black "Matviishen,Viktor"]
[Result "0-1"]
[WhiteElo "2476"]
[BlackElo "2398"]

1.e4 e5 2.Nf3 Nc6 3.Nc3 Nf6 4.d4 exd4 5.Nxd4 Bb4 6.Nxc6 bxc6 7.Bd3 O-O 8.O-O
d5 9.exd5 cxd5 10.h3 c6 11.Qf3 Rb8 12.Bg5 Be7 13.Na4 Be6 14.b3 h6 15.Bf4 Bd6
16.Be3 Qa5 17.Bxh6 Ne4 18.Bf4 Bxf4 19.Qxf4 f5 20.f3 Nf6 21.Rae1 Rbe8 22.Bxf5
Bxf5 23.Rxe8 Nxe8 24.Qd4 Bxc2 25.Rc1 Bf5 26.Rxc6 Nf6 27.Nc3 Re8 28.Rxf6 gxf6
29.Nxd5 Qe1+ 30.Kh2 Qe5+ 31.Qxe5 Rxe5 32.Nxf6+ Kf7 33.Nh5 Bb1 34.g4 Bxa2 35.b4
Rb5 36.f4 Rxb4 37.Kg3 a5 38.f5 Rb5 39.Kf4 Bb1 40.Ng3 a4 41.g5 Bxf5 {#R} 0-1

[Event "Lviv Rapid Cup 2017"]
[Site "Lviv UKR"]
[Date "2017.05.08"]
[Round "6.10"]
[White "Shkuran,D"]
[Black "Razin,V"]
[Result "0-1"]
[WhiteElo "2442"]
[BlackElo "2354"]

1.Nf3 d5 2.g3 Nf6 3.Bg2 c6 4.O-O Bf5 5.d3 e6 6.Nbd2 Nbd7 7.Qe1 h6 8.e4 dxe4
9.dxe4 Bh7 10.Qe2 Be7 11.Rd1 Qc7 12.e5 Nd5 13.c4 Nb4 14.Ne4 O-O 15.a3 Na6
16.b4 c5 17.b5 Nab8 18.a4 a6 19.a5 axb5 20.cxb5 Rxa5 21.Rxa5 Qxa5 22.Nd6 Qc7
23.Ne1 Nb6 24.Bb2 N8d7 25.Nxb7 Nd5 26.Nd6 Bxd6 27.exd6 Qxd6 28.Nc2 Rd8 29.Ne3
N7b6 30.Kh1 Bg6 31.Ng4 Nd7 32.Ne3 N7b6 33.Ng4 Bf5 34.Ne5 Ra8 35.Qh5 Qe7 36.Ng4
Qg5 37.Qxg5 hxg5 38.Ne5 Ra2 39.Bc1 f6 40.Nc6 Rxf2 41.Ba3 Rxg2 42.Rxd5 Be4
43.Rd8+ Kh7 {#R} 0-1

[Event "Lviv Rapid Cup 2017"]
[Site "Lviv UKR"]
[Date "2017.05.08"]
[Round "6.12"]
[White "Voloshchuk,Iliya"]
[Black "Fedorov,Alex"]
[Result "0-1"]
[WhiteElo "2027"]
[BlackElo "2598"]

1.d4 Nf6 2.Bf4 g6 3.e3 Bg7 4.h3 O-O 5.Nf3 d6 6.Be2 Nbd7 7.O-O Ne4 8.Nbd2 Nxd2
9.Qxd2 e5 10.Bh2 e4 11.Ne1 f5 12.c4 g5 13.Nc2 Kh8 14.Rad1 Qf6 15.f3 exf3
16.Bxf3 Qg6 17.Be2 Nf6 18.Bd3 Bd7 19.c5 g4 20.hxg4 Nxg4 21.Bf4 Rf6 22.cxd6
cxd6 23.Be2 Rg8 24.Bxg4 fxg4 25.Nb4 Qh5 26.e4 g3 27.Bxg3 Rg6 28.Qf2 Bb5 29.Nd3
Rxg3 30.Qxg3 Bxd4+ {#R} 0-1

[Event "Lviv Rapid Cup 2017"]
[Site "Lviv UKR"]
[Date "2017.05.08"]
[Round "7.4"]
[White "Vovk,Y"]
[Black "Zubov,A UKR"]
[Result "0-1"]
[WhiteElo "2600"]
[BlackElo "2604"]

1.d4 Nf6 2.c4 g6 3.Nc3 d5 4.cxd5 Nxd5 5.e4 Nxc3 6.bxc3 Bg7 7.Be3 c5 8.Nf3 Qa5
9.Qd2 O-O 10.Rc1 Nd7 11.Bd3 e5 12.d5 f5 13.Bg5 Nf6 14.Nxe5 Nxe4 15.Bxe4 fxe4
16.Nc4 Qa6 17.Ne3 Bd7 18.c4 Rae8 19.O-O Qd6 20.Bh4 b6 21.Bg3 Qf6 22.d6 Qg5
23.h4 Qh5 24.Nd5 Bd4 25.Rfe1 Rf7 26.Ne7+ Rexe7 27.dxe7 Rxe7 28.Qf4 Qf5 29.Qb8+
Bc8 30.Rcd1 Kf7 31.Kh2 h6 32.Qd6 Rd7 33.Qc6 Bb7 34.Qa4 Ba8 35.Qa6 Re7 36.Qa4
g5 37.hxg5 Qxg5 38.Qb3 h5 39.Rxd4 cxd4 40.c5+ Bd5 41.Qa3 e3 42.f3 Kg8 43.cxb6
axb6 44.Qd6 Rg7 45.Re2 Bc4 46.Rc2 e2 47.Rc1 Qxg3+ 48.Qxg3 Rxg3 49.Kxg3 d3 {#R}
0-1

[Event "Lviv Rapid Cup 2017"]
[Site "Lviv UKR"]
[Date "2017.05.08"]
[Round "7.7"]
[White "Vetoshko,V"]
[Black "Bernadskiy,V"]
[Result "0-1"]
[WhiteElo "2498"]
[BlackElo "2529"]

1.e4 c6 2.d4 d5 3.e5 Bf5 4.Nd2 e6 5.Nb3 Nd7 6.Nf3 Bg6 7.Be2 Nh6 8.O-O Nf5 9.a4
Rc8 10.a5 Be7 11.g4 Nh6 12.h3 Ng8 13.a6 b6 14.c4 h5 15.g5 dxc4 16.Bxc4 h4
17.Kh2 Bh5 18.Rg1 Nxe5 19.dxe5 Qxd1 20.Rxd1 Bxf3 21.Rg1 g6 22.Be3 c5 23.Nd2
Bd5 24.Rg4 Bd8 25.Bb5+ Kf8 26.Nc4 Bc7 27.Nd6 Rd8 28.b4 cxb4 29.Rc1 Bb8 30.Rf4
Rh7 31.Bd2 b3 32.Bb4 Ne7 33.Nc8 b2 34.Bxe7+ Kg8 35.Rb1 Rxc8 36.Bf6 Rc1 37.Bd3
Rh5 38.Rg4 Kh7 39.f4 Rc3 40.Bf1 Rc2+ 41.Kg1 Ba2 42.Rd1 {#R} 0-1

[Event "Lviv Rapid Cup 2017"]
[Site "Lviv UKR"]
[Date "2017.05.08"]
[Round "7.8"]
[White "Fedorov,Alex"]
[Black "Kovalev,De"]
[Result "1-0"]
[WhiteElo "2598"]
[BlackElo "2490"]

1.e4 e6 2.d3 d5 3.Qe2 Nf6 4.Nf3 b6 5.g3 Bb7 6.e5 Nfd7 7.Bg2 c5 8.c4 Be7 9.O-O
O-O 10.Nc3 d4 11.Ne4 Nc6 12.Bf4 Qc7 13.Nf6+ gxf6 14.exf6 Bd6 15.Nxd4 Nxf6
16.Nb5 Bxf4 17.Nxc7 Nd4 18.Qd1 Bxg2 19.Kxg2 Bxc7 20.Qd2 Kh8 21.b4 Bd6 22.bxc5
Bxc5 23.Rae1 Rg8 24.Qf4 Nf5 25.Qc7 Nd6 26.Rd1 Rgc8 27.Qe7 Kg7 28.d4 Re8 29.Qc7
Rec8 30.Qe7 Nf5 31.Qb7 Nxd4 32.Rd3 Nc6 33.Rf3 a6 34.Rf4 Ne5 35.Rd1 Rab8
36.Qxa6 Ra8 37.Qb5 Rxa2 38.Qb1 Rca8 39.Rf1 Rd2 40.Qe1 {#r} 1-0

[Event "Lviv Rapid Cup 2017"]
[Site "Lviv UKR"]
[Date "2017.05.08"]
[Round "7.9"]
[White "Azarov,S"]
[Black "Mirzoev,E"]
[Result "0-1"]
[WhiteElo "2582"]
[BlackElo "2443"]

1.e4 c5 2.Nf3 e6 3.d4 cxd4 4.Nxd4 Nc6 5.Nc3 Qc7 6.Be2 a6 7.O-O Nf6 8.Be3 Be7
9.f4 d6 10.Kh1 O-O 11.Qe1 Nxd4 12.Bxd4 b5 13.a3 Bb7 14.Qg3 Rac8 15.Rae1 Bc6
16.Bd3 e5 17.fxe5 Nh5 18.Qh3 dxe5 19.Be3 Nf4 20.Bxf4 exf4 21.e5 g6 22.Rxf4 Bg5
23.Rf2 Rce8 24.Rfe2 Re6 25.Qg4 Bh6 26.Bf5 Re7 27.e6 Kh8 28.Qh4 Bg7 29.Bd3 f5
30.a4 Rb8 31.axb5 axb5 32.Qb4 Bf8 33.Qb3 Qb7 34.h3 Bg7 35.Qb4 Bf6 36.Nd1 Kg7
37.Nc3 h5 38.Rf1 Rbe8 39.Qb3 b4 40.Na4 Qa7 41.Bxf5 Qxa4 42.Qg3 g5 43.Bd3 Qa5
44.Qd6 Qd5 45.Qg3 Rxe6 46.Rf5 Rxe2 47.Rxd5 Re1+ 48.Kh2 Bxd5 49.Qc7+ R8e7 {#R}
0-1

[Event "Lviv Rapid Cup 2017"]
[Site "Lviv UKR"]
[Date "2017.05.08"]
[Round "8.4"]
[White "Bernadskiy,V"]
[Black "Razin,V"]
[Result "1-0"]
[WhiteElo "2529"]
[BlackElo "2354"]

1.b3 d5 2.Bb2 Nf6 3.e3 Bg4 4.Ne2 Nbd7 5.d4 e6 6.Nbc3 c6 7.Qd2 Bb4 8.f3 Bf5
9.a3 Bd6 10.g4 Bg6 11.h4 h5 12.g5 Ng8 13.e4 Qc7 14.e5 Bf8 15.Nf4 Ne7 16.Nxg6
Nxg6 17.Bd3 Ne7 18.g6 fxg6 19.Ne2 Nf5 20.Nf4 Kf7 21.Qg2 Rh6 22.Rg1 Be7 23.Nxg6
Nxh4 24.Nxh4 Bxh4+ 25.Ke2 g5 26.Rh1 Rg8 27.Rag1 Qd8 28.Bc1 Rhh8 29.Rxh4 gxh4
30.Bg6+ Kf8 31.Qh3 Rxg6 32.Rxg6 Qe7 33.Rxe6 Qf7 34.Rd6 Nb6 35.Rf6 {#r} 1-0

[Event "Lviv Rapid Cup 2017"]
[Site "Lviv UKR"]
[Date "2017.05.08"]
[Round "8.7"]
[White "Mischuk,D"]
[Black "Bortnik,N"]
[Result "1-0"]
[WhiteElo "2344"]
[BlackElo "2417"]

1.e4 Nf6 2.e5 Nd5 3.d4 d6 4.Nf3 g6 5.Bc4 Nb6 6.Bb3 Bg7 7.Ng5 d5 8.f4 Bf5 9.O-O
h6 10.Nf3 N8d7 11.Nh4 Be4 12.Nd2 c5 13.Nxe4 dxe4 14.c3 e6 15.g3 Qe7 16.Qe2
cxd4 17.cxd4 Nd5 18.Bxd5 exd5 19.f5 Qb4 20.fxg6 fxg6 21.Nxg6 Rg8 22.Be3 O-O-O
23.a3 Qb6 24.Ne7+ Kb8 25.Nxg8 Rxg8 26.Rf7 Nf8 27.Raf1 Ne6 28.Qf2 a5 29.Kh1 h5
30.Qf5 Ka7 31.Qg6 h4 32.gxh4 Qc6 33.Rc1 Qe8 34.Rg1 Ka8 35.Rxg7 {#r} 1-0

[Event "Lviv Rapid Cup 2017"]
[Site "Lviv UKR"]
[Date "2017.05.08"]
[Round "8.8"]
[White "Sivuk,V"]
[Black "Mikhaletz,L"]
[Result "1-0"]
[WhiteElo "2520"]
[BlackElo "2406"]

1.d4 d6 2.e4 Nf6 3.Nc3 Nc6 4.f4 Bg4 5.Be2 Bxe2 6.Ngxe2 e6 7.Be3 d5 8.e5 Ng4
9.Qd2 Na5 10.b3 b6 11.O-O c5 12.f5 Nxe3 13.Qxe3 Nc6 14.fxe6 fxe6 15.Nb5 a6
16.Qh3 Qd7 17.Nc7+ Qxc7 18.Qxe6+ Be7 19.Qf7+ Kd8 20.Nf4 Kc8 21.Nxd5 Qd8
22.Qe6+ Kb7 23.Rf7 Re8 24.dxc5 bxc5 25.Rxg7 Rc8 26.Rf1 Kb8 27.Rff7 c4 28.Kh1
cxb3 29.axb3 Nd4 30.Rxe7 Nxe6 31.Rb7+ Ka8 32.Ra7+ {#r} 1-0

[Event "Lviv Rapid Cup 2017"]
[Site "Lviv UKR"]
[Date "2017.05.08"]
[Round "8.12"]
[White "Oros,R"]
[Black "Solovchuk,A"]
[Result "1-0"]
[WhiteElo "2302"]
[BlackElo "2375"]

1.e4 c5 2.Nf3 d6 3.Bb5+ Bd7 4.Bxd7+ Qxd7 5.O-O Nf6 6.e5 dxe5 7.Nxe5 Qc7 8.Re1
e6 9.Nc3 a6 10.f4 Bd6 11.Qf3 O-O 12.d3 Nfd7 13.Nc4 Nc6 14.Ne4 Be7 15.c3 b5
16.Ne3 Rad8 17.a4 Ndb8 18.axb5 axb5 19.Nf1 Qd7 20.Be3 Qd5 21.Red1 h6 22.Qe2 f5
23.Nf2 e5 24.Nh3 e4 25.dxe4 Qxe4 26.Qxb5 Rxd1 27.Rxd1 c4 28.Nf2 Qe6 29.Bc5
Bxc5 30.Qxc5 Na6 31.Qd6 Rf6 32.Qa3 Nc7 33.Qa4 Kh7 34.Nd2 Qe3 35.Nxc4 Qxf4
36.Nb6 Qe3 37.Nc4 Qe2 38.h3 Rg6 39.Nd6 Ne5 40.Qa7 Ne6 41.Nxf5 Nf4 42.Nh4 Ned3
43.Rf1 Nxf2 {#r} 1-0